000 00859nam a2200277 a 4500
003 AR-BaBNM
005 20251128202911.0
008 082120s2002 ||||||||||||||000 | spa||
040 _cAR-BaBNM
100 1 _aAzopardo, Mercedes G.
245 0 0 _aCoronel de Marina Juan Bautista Azopardo
260 _aBuenos Aires
_bSecretaría de Estado de Marina. Departamento de Estudios Históricos Navales
_c1961
300 _a99 p.
_bil., facsím.
490 0 _aSerie C: Biografías navales argentinas
_vv. 3
504 _aBibliografía: p. 99
650 4 _aHISTORIA ARGENTINA
650 4 _aBIOGRAFIAS
650 4 _aHISTORIA DE LA ARMADA
650 4 _aINVASIONES INGLESAS
650 4 _aGUERRAS DE LA INDEPENDENCIA
650 4 _aGUERRA DEL BRASIL
655 _aBIOGRAFIAS
700 1 _aBurzio, Humberto F.
_eprologuista
942 _cBK
998 _cEnrique
999 _c1110
_d1110